| 000 | 00341 a2200133 4500 | ||
|---|---|---|---|
| 005 | 20250628135947.0 | ||
| 020 | _a1-55558-242-7 | ||
| 082 | _a006.3 VIL. | ||
| 100 | _aVILLE, De. B. | ||
| 245 | _aMicrosoft Data Mining, | ||
| 260 |
_aNew York, _bDigital Press, _c2001. |
||
| 300 |
_axix.; 301p.; Ill.; picture, _bIndex, _c24cm. |
||
| 942 |
_2ddc _cBKS |
||
| 999 |
_c6043 _d6043 |
||